zpět

Detail výsledku týmu

Expedice, Šternberk

Datum a čas kvízu

30.5 Celkem bodů Celkový počet nahraných bodů na tomto kvízu bez doplňovacích otázek.
4. Pořadí na kvízu Konečné umístění týmu na tomto kvízu.

Zaznamenané odpovědi

# Otázka Odpověď Body Výsledky
1. Uveďte lidový název pěvce, jen... černohlávek 1
2. Jeden americký stát zasáhla vl... Florida 1
3. V noci z neděle na pondělí byl... Bad Bunny; Kendrick Lamar 0
4. Do aukční historie se nově zap... Rembrandt (Harmenszoon van Rijn) 1
5. Německá olympionička Franziska... A 0
6. 29. května roku 1500 umírá pob... Bartolomeu Dias 1
7. 1. ledna 1700 jeden ruský car... Petr I. Veliký 0
8. Za kulatý letopočet budeme dne... Burgtheater 0
9. 19. března 1900 se v Paříži na... Frédéric Joliot-Curie 1
10. Od 15. září do 1. října 2000 s... Štěpánka Hilgertová; Sydney 0.5